000
00258 a2200097 4500
001
35348
100
_a
Bhat Bharahi
245
_a
Stripline-Like Transmission Lines for Microwave Integrated Circuits
260
_a
Delhi
_b
Wiley East
_c
090
_c
23380
_d
23380
942
_a
NUST-CAE
_c
M
_c
14870
999
_c
270421
_d
270421